Capital Gains Tax: (Record no. 190577)

MARC details
000 -LEADER
fixed length control field 00632nam a22001937a 4500
005 - DATE AND TIME OF LATEST TRANSACTION
control field 20220728112404.0
010 ## - LCCN (DPL NO)
LC control number ENG-134070
020 ## - INTERNATIONAL STANDARD BOOK NUMBER
International Standard Book Number 9789351438304
Terms of availability 750.00
035 ## - SYSTEM CONTROL NUMBER
System control number EN-117602
037 ## - SOURCE OF ACQUISITION
Source of stock number/acquisition DBAD/PUB
082 ## - DEWEY DECIMAL CLASSIFICATION NUMBER
Classification number 343.0524568
100 ## - MAIN ENTRY--PERSONAL NAME
Personal name Suresh, TG
245 ## - TITLE STATEMENT
Title Capital Gains Tax:
Remainder of title Law and practice/
Statement of responsibility, etc TG Suresh
250 ## - EDITION STATEMENT
Edition statement 2nd Edition
260 ## - PUBLICATION, DISTRIBUTION, ETC. (IMPRINT)
Place of publication, distribution, etc Gurgaon
Name of publisher, distributor, etc Lexis Nexis
Date of publication, distribution, etc 2016
270 ## - ADDRESS
Address 14th Floor, Building No. 10, Tower-B, DLF Cyber City, Phase-II
City Gurgaon
Postal code 122002
Electronic mail address help.in@lexisnexis.com
Telephone number 01244774444
300 ## - PHYSICAL DESCRIPTION
Extent 450 p.
Dimensions 25cm (pbk)
Other physical details Index
942 ## - ADDED ENTRY ELEMENTS (KOHA)
Source of classification or shelving scheme Dewey Decimal Classification
Item type English Books
Classification part 343.0524568
Call number suffix SUR
Holdings
Withdrawn status Lost status Not for loan Collection code Home library Current library Date acquired Source of acquisition Cost, normal purchase price Full call number Barcode Copy number Cost, replacement price Koha item type
      Non-fiction Bawana Bawana 28/07/2022 DBAD/PUB 750.00 343.0524568 SUR EN-117602 1 750.00 English Books

© Delhi Public Library
Hit Counter
free hit counter